000 00373cam a2200145 4500
040 _cDLC
082 0 0 _a512 MAC 1984 A084 Or.
100 1 _aGager, William A.
245 1 0 _aContemporary college algebra and trigonometry
260 _aNew York,
_bMacmillan
_c[1968]
300 _axvii, 476 p.
_billus.
_c24 cm.
650 0 _aAlgebra.
650 0 _aTrigonometry.
942 _cEK
999 _c16264
_d16264